000 00679nam a2200181 a 4500
008 170327s2014 ||||||||||||||||| || u
020 _a9780702049651
050 _aRD 544 Phi
100 _aPhillips, Robin K. S
245 1 0 _aColorectal surgery. ( 5th ed.)
_cEdited By Phillips Robin K.S. and Sue Clark
250 _a5th ed.
260 _aEdinburgh
_bSaunders Elsevier
_c2014
300 _axiii, 315p.: ill.
350 _a143.00
650 _aRECTUM--SURGERY
650 _aCOLON (ANATOMY)--SURGERY
995 _aMEDICAL LIBRARY OPEN ACCESS
_e903823
_FCBU-SCHOOL OF MEDICINE LIBRARY (Ndola)
_jRD 544 Phi
_M1
_UAVAILABLE
_WMar 27, 2017
_y903823
_ZMedical Library Open Access Collection
999 _c31080
_d31080